| 000 | 00354nam a2200133Ia 4500 | ||
|---|---|---|---|
| 008 | 240624s9999 xx 000 0 und d | ||
| 041 | _aeng | ||
| 082 | _a651.752 JAY | ||
| 100 | _aJAYAPRAKASH SAJITHA | ||
| 245 | _aART OF WRITING EFFECTIVE EMAILS | ||
| 260 |
_c2010 _aMumbai _bHimalaya Books Pvt. Ltd. |
||
| 300 | _a100 : p. : cm. ; 21 | ||
| 365 |
_cRS _b25 |
||
| 999 |
_c14832 _d14832 |
||